Statistics for Resident Evil 4 - Weapon Names

Click here to take the quiz!

General Stats

  • This quiz has been taken 320 times
    (265 since last reset)
  • The average score is 15 of 29

Answer Stats

TypeWeapon NamePriceHint% Correct
RPGRocket Launcher30,000One Shot
77%
RPGRocket Launcher (Special)30,000Special
77%
HandgunRed 914,000Sera's Gun
75%
MagnumBroken Butterfly38,000Not so Broken
69%
HandgunHandgun (Silver Ghost)8,000Standard
68%
HandgunPunisher20,000Shoots through 2
68%
ShotgunShotgun21,440Ada's Shotgun
67%
ShotgunShotgun20,000Standard
67%
GrenadeFlash GrenadeN/ABright
63%
GrenadeHand GrenadeN/AStandard
59%
HandgunMatilda70,000Burst Fire
58%
RifleRifle12,000Standard
58%
RifleRifle(Semi-Auto)35,000Semi-Auto
58%
ShotgunStriker43,000Drum Magazine
58%
ShotgunRiot Gun32,000Crowd Control
55%
MachinegunChicago Typewriter1,000,000Infinite Ammo
52%
GrenadeFire GrenadeN/AHot
52%
HandgunTMP10,000Full-Auto
51%
HandgunBlacktail24,000Great Handling
49%
MagnumKiller 777,700Of a Different Game
49%
FoodEgg/Brown Egg/Golden Egg0Used to regain health
47%
MagnumHandcannon0.50 Cal
44%
BowKrauser's Bow0Krauser's Bow
39%
SpecialHarpoon0Used to kill Del Lago
35%
RPGInfinite Rocket Launcher1,000,000Infinite Ammo
30%
SpecialMine Thrower9,800Shoots Darts
29%
SpecialP.R.L. 4120Removal Laser
11%
BowBowgun70,000Ada's Bow
9%
HandgunCustom TMP0HUNK's Full-Auto
9%

Score Distribution

Percentile by Number Answered

Percent of People with Each Score

Your Score History

You have not taken this quiz since the last reset